[Event "Junior Online 4NCL Division 1"]
[Site "online"]
[Date "2021.03.18"]
[EventDate "2021.03.18"]
[Round "5.68"]
[White "Leatham, Bertie"]
[WhiteElo "1206"]
[WhiteTeam "Hull & York Vikings"]
[Black "Purushothaman, Amitesh"]
[BlackElo "1436"]
[BlackTeam "Warwickshire Bears C"]
[Result "1-0"]
[PlyCount "125"]

1. e4 c5 2. d4 cxd4 3. c3 Nf6 4. e5 Nd5 5. cxd4 e6 6. Nf3 d6 7. Bd2 Be7 8. Bd3 h6 9. O-O O-O 10. Qc1 dxe5 11. Bxh6 Re8 12. Nxe5 Nd7 13. Nxd7 Bxd7 14. Nc3 Rc8 15. Qd2 Bb4 16. Rac1 Nxc3 17. bxc3 Bd6 18. Rfe1 Qa5 19. Qg5 Qxg5 20. Bxg5 Be7 21. Bf4 a6 22. Re3 Bb4 23. Be4 b5 24. Rg3 Kf8 25. cxb4 Rxc1+ 26. Bxc1 Rc8 27. Bf4 Rc4 28. h3 Rxd4 29. Re3 f5 30. Rd3 Rxe4 31. Bd6+ Kf7 32. f3 Re2 33. a3 Kg6 34. Kf1 Ra2 35. f4 Ra1+ 36. Kf2 Ra2+ 37. Kg3 Bc6 38. Kh4 Rxg2 39. Re3 Be4 40. Be5 Rg1 41. Rg3+ Rxg3 42. Kxg3 Kh6 43. Kh4 Bb1 44. Kg3 Be4 45. Kf2 Bc2 46. Ke3 Be4 47. Kd4 Kh5 48. Bxg7 Kh4 49. Kc5 Kxh3 50. Kb6 Kg4 51. Be5 Bd3 52. Kxa6 Bc4 53. Ka5 Bf1 54. a4 bxa4 55. Kxa4 Bg2 56. b5 Bb7 57. Ka5 Ba8 58. Kb6 Kf3 59. Ka7 Be4 60. b6 Bc6 61. b7 Bxb7 62. Kxb7 Ke4 63. Kc6 {[W: 0:04:06; B: 0:01:40]} 1-0

[Event "Junior Online 4NCL Division 1"]
[Site "online"]
[Date "2021.03.18"]
[EventDate "2021.03.18"]
[Round "5.71"]
[White "Chopra, Manmay"]
[WhiteElo "1786"]
[WhiteTeam "Harrow Juniors A"]
[Black "Moore, Eoin"]
[BlackElo "1718"]
[BlackTeam "KJCA Young Kestrels B"]
[Result "0-1"]
[PlyCount "78"]

1. e4 e6 2. d3 d5 3. Nd2 Nf6 4. Ngf3 c5 5. g3 Nc6 6. Bg2 Be7 7. O-O O-O 8. Re1 Qc7 9. Nf1 dxe4 10. dxe4 Rd8 11. Qe2 e5 12. c3 h6 13. h3 Be6 14. N1h2 Rd7 15. g4 Rad8 16. g5 hxg5 17. Nxg5 Qd6 18. Nxe6 Qxe6 19. Be3 Na5 20. b3 Rd3 21. c4 Nc6 22. Rad1 Rxd1 23. Rxd1 Nd4 24. Qf1 Qa6 25. Rd2 Nd7 26. f4 f6 27. Ng4 Qe6 28. f5 Qf7 29. Qd1 Nb8 30. Kh2 Nbc6 31. h4 Kf8 32. Kg3 a6 33. Bf3 Nxf3 34. Rxd8+ Bxd8 35. Bxc5+ Be7 36. Bxe7+ Qxe7 37. Kxf3 Nd4+ 38. Kg3 Qb4 39. Qc1 Ne2+ {[W: 0:05:59; B: 0:03:09]} 0-1

[Event "Junior Online 4NCL Division 1"]
[Site "online"]
[Date "2021.03.18"]
[EventDate "2021.03.18"]
[Round "5.72"]
[White "Dorman, Orla"]
[WhiteElo "1676"]
[WhiteTeam "KJCA Young Kestrels B"]
[Black "Balasundaram, Sivasatyan"]
[BlackElo "1585"]
[BlackTeam "Harrow Juniors A"]
[Result "1/2-1/2"]
[PlyCount "66"]

1. e4 c5 2. Nf3 Nc6 3. c3 d5 4. exd5 Qxd5 5. d4 cxd4 6. cxd4 Bg4 7. Be3 Bxf3 8. Qxf3 Qxf3 9. gxf3 e6 10. Nc3 Nf6 11. O-O-O O-O-O 12. Bh3 a6 13. f4 Nd5 14. Rhg1 Nxc3 15. bxc3 f5 16. d5 Rxd5 17. Rxd5 exd5 18. Bxf5+ Kc7 19. Rd1 Ne7 20. Be6 h5 21. Bxd5 Nxd5 22. Rxd5 Rh6 23. Rf5 Ba3+ 24. Kc2 Rh7 25. Rf7+ Kc6 26. Bd4 Bd6 27. Rxg7 Rxg7 28. Bxg7 Bxf4 29. h3 Kd5 30. Kd3 b5 31. f3 a5 32. Bf6 a4 33. Bh8 Bg5 {[W: 0:07:04; B: 0:00:41]} 1/2-1/2

[Event "Junior Online 4NCL Division 1"]
[Site "online"]
[Date "2021.03.18"]
[EventDate "2021.03.18"]
[Round "5.73"]
[White "Patel, Krrish"]
[WhiteElo "1579"]
[WhiteTeam "Harrow Juniors A"]
[Black "Ratnesan, Radha"]
[BlackElo "1628"]
[BlackTeam "KJCA Young Kestrels B"]
[Result "1-0"]
[PlyCount "133"]

1. d4 Nf6 2. Nc3 e6 3. Bf4 d5 4. e3 c5 5. Nf3 Nc6 6. Nb5 Kd7 7. c3 a6 8. Nc7 Ra7 9. Ng5 Qe7 10. dxc5 Qxc5 11. Nxf7 Rg8 12. Ng5 Ke7 13. Be2 h6 14. Nf3 g5 15. Bg3 Bd7 16. Rc1 h5 17. h3 h4 18. Bh2 Kd8 19. c4 Qb4+ 20. Qd2 Qxd2+ 21. Nxd2 Bb4 22. a3 Ba5 23. cxd5 exd5 24. Nxd5 Nxd5 25. b4 Bb6 26. Bc4 Nce7 27. e4 Rg6 28. exd5 Rf6 29. O-O g4 30. Ne4 Rg6 31. hxg4 Rxg4 32. Bd3 Rg7 33. Nf6 Bh3 34. Be4 Bxg2 35. Bxg2 h3 36. Bg3 hxg2 37. Kxg2 Nf5 38. Rfe1 Re7 39. Rxe7 Kxe7 40. Ne4 Ra8 41. d6+ Kd7 42. Nf6+ Ke6 43. d7 Nxg3 44. fxg3 Rd8 45. Ne4 Rxd7 46. Nc5+ Bxc5 47. Rxc5 Rd2+ 48. Kh3 Ra2 49. Ra5 Kd6 50. g4 Rc2 51. g5 Rc7 52. Kg4 Rc4+ 53. Kh5 Rc7 54. g6 Rg7 55. Kh6 Rc7 56. g7 Rc8 57. Kh7 Rc7 58. Kh8 Rc8+ 59. g8=Q Rxg8+ 60. Kxg8 Kc6 61. Kf7 Kb6 62. Ke6 Ka7 63. Kd6 b5 64. Kc6 Ka8 65. Rxa6+ Kb8 66. Ra5 Kc8 67. Ra8# {[W: 0:01:32; B: 0:00:50]} 1-0

[Event "Junior Online 4NCL Division 1"]
[Site "online"]
[Date "2021.03.18"]
[EventDate "2021.03.18"]
[Round "5.74"]
[White "Brightley-Davies, Ciaran"]
[WhiteElo "1585"]
[WhiteTeam "KJCA Young Kestrels B"]
[Black "Laza, Andrei"]
[BlackElo "1292"]
[BlackTeam "Harrow Juniors A"]
[Result "1-0"]
[PlyCount "41"]

1. e4 b6 2. Nc3 Bb7 3. d4 e6 4. Nf3 Bb4 5. Bd3 Nf6 6. Bg5 h6 7. Bxf6 Qxf6 8. O-O O-O 9. Qd2 c5 10. dxc5 Bxc5 11. e5 Qe7 12. Nb5 Bxf3 13. gxf3 d5 14. exd6 Bxd6 15. Be4 Nd7 16. Bxa8 Rxa8 17. Qxd6 Qxd6 18. Nxd6 Nf6 19. Rad1 Rd8 20. Ne4 Rxd1 21. Rxd1 {[W: 0:05:33; B: 0:03:59]} 1-0

[Event "Junior Online 4NCL Division 1"]
[Site "online"]
[Date "2021.03.18"]
[EventDate "2021.03.18"]
[Round "5.75"]
[White "Moore, Eoin"]
[WhiteElo "1718"]
[WhiteTeam "KJCA Young Kestrels B"]
[Black "Chopra, Manmay"]
[BlackElo "1786"]
[BlackTeam "Harrow Juniors A"]
[Result "0-1"]
[PlyCount "112"]

1. d4 Nf6 2. c4 c5 3. d5 b5 4. a4 bxc4 5. Nc3 g6 6. e4 d6 7. f4 Bg7 8. Bxc4 Bg4 9. Nf3 O-O 10. h3 Bxf3 11. Qxf3 a5 12. O-O Na6 13. Bd2 Nb4 14. Rac1 Nd7 15. b3 Nb6 16. Ne2 Na2 17. Rc2 Nb4 18. Bxb4 axb4 19. Nc1 Bd4+ 20. Kh1 Nxc4 21. Rxc4 f5 22. Ne2 Bg7 23. Ng3 fxe4 24. Qxe4 Qd7 25. Re1 Rae8 26. Qe6+ Qxe6 27. Rxe6 Bh6 28. f5 Rf6 29. Rce4 Rxe6 30. Rxe6 Kf7 31. Ne4 gxf5 32. Nxd6+ exd6 33. Rxh6 Re1+ 34. Kh2 Re3 35. Rxd6 Rxb3 36. Rc6 Rc3 37. a5 b3 38. a6 b2 39. a7 Ra3 40. Rb6 Rxa7 41. Rxb2 Rd7 42. Rb6 Rxd5 43. Rc6 f4 44. Kg1 Ke7 45. Rc7+ Kd6 46. Rxh7 c4 47. Rh8 c3 48. Rc8 Rc5 49. Rd8+ Ke5 50. Rd1 Ke4 51. Kf2 c2 52. Rc1 Rc3 53. Ke2 Rg3 54. Kf2 Kd3 55. Re1 Re3 56. Rc1 Kd2 {[W: 0:00:15; B: 0:05:04]} 0-1

[Event "Junior Online 4NCL Division 1"]
[Site "online"]
[Date "2021.03.18"]
[EventDate "2021.03.18"]
[Round "5.76"]
[White "Balasundaram, Sivasatyan"]
[WhiteElo "1585"]
[WhiteTeam "Harrow Juniors A"]
[Black "Dorman, Orla"]
[BlackElo "1676"]
[BlackTeam "KJCA Young Kestrels B"]
[Result "1/2-1/2"]
[PlyCount "83"]

1. d4 Nf6 2. c4 c5 3. d5 b5 4. cxb5 a6 5. bxa6 g6 6. Nc3 Bxa6 7. Nf3 Bg7 8. g3 d6 9. e4 Nbd7 10. Bxa6 Rxa6 11. O-O O-O 12. Qe2 Ra8 13. Nd2 Ne5 14. Nc4 Nxc4 15. Qxc4 Ng4 16. f4 Bd4+ 17. Kg2 Ne3+ 18. Bxe3 Bxe3 19. Rae1 Bd4 20. Re2 Qa5 21. Nb5 Qxa2 22. Qxa2 Rxa2 23. Nxd4 cxd4 24. Rd1 Rb8 25. Rxd4 Rbxb2 26. Rxb2 Rxb2+ 27. Kh3 Kg7 28. e5 dxe5 29. fxe5 Re2 30. d6 exd6 31. exd6 Re8 32. Kg4 Kf6 33. Kf4 h5 34. h4 Rd8 35. g4 hxg4 36. Kxg4 Rd7 37. h5 gxh5+ 38. Kxh5 Ke6 39. Kg5 Rxd6 40. Rxd6+ Kxd6 41. Kf6 Kd5 42. Kxf7 {[W: 0:02:31; B: 0:07:57]} 1/2-1/2

[Event "Junior Online 4NCL Division 1"]
[Site "online"]
[Date "2021.03.18"]
[EventDate "2021.03.18"]
[Round "5.77"]
[White "Ratnesan, Radha"]
[WhiteElo "1628"]
[WhiteTeam "KJCA Young Kestrels B"]
[Black "Patel, Krrish"]
[BlackElo "1579"]
[BlackTeam "Harrow Juniors A"]
[Result "0-1"]
[PlyCount "154"]

1. d4 Nf6 2. c4 g6 3. Nc3 Bg7 4. e4 d6 5. Bd3 Nbd7 6. Nge2 O-O 7. O-O b6 8. Ng3 Bb7 9. f4 c5 10. d5 e5 11. f5 a6 12. Bg5 h6 13. Be3 h5 14. Qd2 Ng4 15. Bg5 f6 16. Be3 Nxe3 17. Qxe3 g5 18. Nxh5 Qe8 19. Be2 Kf7 20. Qf2 Rh8 21. g4 Bh6 22. a3 Qf8 23. b4 Rb8 24. b5 a5 25. Kh1 Re8 26. Rg1 Bc8 27. Na4 Bb7 28. Rac1 Qe7 29. h3 Qf8 30. Kg2 Qe7 31. Rh1 Reg8 32. Rh2 Qf8 33. Rch1 Bc8 34. Bf3 Bb7 35. Qe2 Bc8 36. Ng3 Bb7 37. Kf1 Bc8 38. Qd2 Bb7 39. Nh5 Bc8 40. Kf2 Bb7 41. Rb1 Bc8 42. Rb2 Bb7 43. Be2 Bc8 44. Rh1 Bb7 45. Rhb1 Bc8 46. Nxb6 Nxb6 47. Qxa5 Qd8 48. Qa7+ Bd7 49. a4 Qb8 50. Qxb8 Rxb8 51. a5 Na4 52. Rb3 Ra8 53. a6 Nb6 54. Ra3 Ra7 55. Rb2 Be8 56. Kg2 Ke7 57. Ng3 Bg7 58. Nf1 Bh6 59. Ne3 Bd7 60. Nd1 Bg7 61. Nc3 Kd8 62. Na4 Kc7 63. Bf1 Nxa4 64. Rxa4 Kb6 65. Kg3 Bf8 66. Rh2 Ra8 67. h4 gxh4+ 68. Rxh4 Rxh4 69. Kxh4 Be8 70. g5 fxg5+ 71. Kxg5 Be7+ 72. f6 Bd8 73. Kf5 Ra7 74. Ke6 Bd7+ 75. Kxd6 Bxf6 76. Ra2 Bg4 77. Rf2 Rd7# {[W: 0:00:07; B: 0:00:55]} 0-1

[Event "Junior Online 4NCL Division 1"]
[Site "online"]
[Date "2021.03.18"]
[EventDate "2021.03.18"]
[Round "5.78"]
[White "Laza, Andrei"]
[WhiteElo "1292"]
[WhiteTeam "Harrow Juniors A"]
[Black "Brightley-Davies, Ciaran"]
[BlackElo "1585"]
[BlackTeam "KJCA Young Kestrels B"]
[Result "1/2-1/2"]
[PlyCount "72"]

1. b3 e6 2. Bb2 Nf6 3. e3 d5 4. f4 c5 5. c4 Be7 6. Nf3 O-O 7. Be2 dxc4 8. Bxc4 a6 9. Be2 Nc6 10. d4 cxd4 11. Nxd4 Nxd4 12. Qxd4 Qxd4 13. Bxd4 Ne4 14. O-O b5 15. Bf3 Bb7 16. Nc3 Nxc3 17. Bxc3 Bxf3 18. gxf3 Rac8 19. Bd4 Bc5 20. Bxc5 Rxc5 21. Rac1 Rfc8 22. Rxc5 Rxc5 23. Rd1 h6 24. Rd2 Rc1+ 25. Kg2 Ra1 26. Kf2 g6 27. Ke2 Rh1 28. Kd3 Kg7 29. Kd4 Rf1 30. Ke4 f5+ 31. Ke5 Rxf3 32. Rd7+ Kg8 33. Kf6 Rxe3 34. Rd8+ Kh7 35. Rd7+ Kg8 36. Rd8+ Kh7 {[W: 0:02:45; B: 0:03:50]} 1/2-1/2

[Event "Junior Online 4NCL Division 1"]
[Site "online"]
[Date "2021.03.18"]
[EventDate "2021.03.18"]
[Round "5.81"]
[White "Shek, Daniel"]
[WhiteElo "1617"]
[WhiteTeam "Marshall Artists"]
[Black "Cont, Arya"]
[BlackElo "2189"]
[BlackTeam "Ojays A"]
[Result "0-1"]
[PlyCount "72"]

1. d4 d5 2. Bf4 Nf6 3. e3 Bf5 4. Bd3 e6 5. Bxf5 exf5 6. c3 Be7 7. Nf3 O-O 8. Nbd2 Nbd7 9. Qc2 Ne4 10. Nxe4 fxe4 11. Nd2 f5 12. Qb3 Nb6 13. c4 c5 14. dxc5 Bxc5 15. cxd5 Qxd5 16. Qxd5+ Nxd5 17. Rc1 Nb4 18. O-O Nd3 19. Rc2 Rac8 20. a3 Nxf4 21. exf4 Bxf2+ 22. Rxf2 Rxc2 23. Nf1 Rfc8 24. Ne3 Rxf2 25. Kxf2 g6 26. Ke2 Kf7 27. h3 Kf6 28. g4 h5 29. g5+ Ke6 30. Kd2 Rd8+ 31. Ke2 Rd3 32. h4 Rb3 33. Nc4 Rh3 34. Ne5 Rxh4 35. Nxg6 Rh2+ 36. Ke3 Rxb2 {[W: 0:02:05; B: 0:06:44]} 0-1

[Event "Junior Online 4NCL Division 1"]
[Site "online"]
[Date "2021.03.18"]
[EventDate "2021.03.18"]
[Round "5.82"]
[White "Sieczkowski, Adam"]
[WhiteElo "1841"]
[WhiteTeam "Ojays A"]
[Black "Hamilton, Melissa"]
[BlackElo "1603"]
[BlackTeam "Marshall Artists"]
[Result "1-0"]
[PlyCount "45"]

1. d4 d5 2. Nf3 Bf5 3. c4 e6 4. Nc3 dxc4 5. e4 Bg6 6. Bxc4 Nf6 7. Bg5 Be7 8. e5 Nfd7 9. h4 Nc6 10. Qe2 a6 11. Bxe7 Qxe7 12. h5 Bf5 13. d5 exd5 14. Nxd5 Qd8 15. O-O O-O 16. Rfd1 Re8 17. h6 Bg6 18. hxg7 Kxg7 19. Nf6 Re7 20. Qd2 Nxf6 21. exf6+ Kxf6 22. Qc3+ Ne5 23. Rxd8 {[W: 0:00:25; B: 0:02:31]} 1-0

[Event "Junior Online 4NCL Division 1"]
[Site "online"]
[Date "2021.03.18"]
[EventDate "2021.03.18"]
[Round "5.83"]
[White "Love, James"]
[WhiteElo "1636"]
[WhiteTeam "Marshall Artists"]
[Black "Hobson, Kenneth"]
[BlackElo "1857"]
[BlackTeam "Ojays A"]
[Result "0-1"]
[PlyCount "130"]

1. e4 e5 2. Nf3 Nc6 3. d4 exd4 4. Nxd4 Bc5 5. Be3 Qf6 6. c3 d6 7. Bb5 Bd7 8. O-O Nge7 9. Nxc6 bxc6 10. Bxc5 cxb5 11. Bd4 Qg6 12. Na3 O-O 13. e5 Nd5 14. exd6 Bc6 15. Qf3 Qxd6 16. Qg3 Qxg3 17. hxg3 a5 18. Rfe1 Rfe8 19. Nc2 f6 20. Bc5 Kf7 21. Nd4 Bd7 22. a3 c6 23. Nf3 Nc7 24. Rad1 Rxe1+ 25. Rxe1 Re8 26. Rxe8 Bxe8 27. Nd4 Ne6 28. Nxe6 Kxe6 29. f3 Kd5 30. Bf8 g6 31. b3 f5 32. Kf2 a4 33. bxa4 bxa4 34. Ke3 Kc4 35. Kd2 Bf7 36. Kc2 Bd5 37. Kb2 Kd3 38. Bb4 Ke2 39. Kc2 Bb3+ 40. Kc1 Kf2 41. Kd2 Kxg3 42. Kd3 Kxg2 43. Kd4 Kxf3 44. Kc5 Bd5 45. Kb6 h5 46. Ka5 Bb3 47. Kb6 h4 48. Kxc6 h3 49. Bd6 f4 50. Kc5 h2 51. c4 h1=Q 52. Kb5 Qc1 53. Bb4 Qxc4+ 54. Ka5 Qc6 55. Bf8 Bc4 56. Kb4 Qb5+ 57. Kc3 Ke4 58. Bb4 Qd5 59. Be7 Qd3+ 60. Kb4 Qb3+ 61. Kc5 Qb5+ 62. Kd6 Bd5 63. Kc7 Qc6+ 64. Kd8 Be6 65. Bd6 Qd7# {[W: 0:03:12; B: 0:03:27]} 0-1

[Event "Junior Online 4NCL Division 1"]
[Site "online"]
[Date "2021.03.18"]
[EventDate "2021.03.18"]
[Round "5.85"]
[White "Cont, Arya"]
[WhiteElo "2189"]
[WhiteTeam "Ojays A"]
[Black "Shek, Daniel"]
[BlackElo "1617"]
[BlackTeam "Marshall Artists"]
[Result "1-0"]
[PlyCount "87"]

1. b3 d5 2. Bb2 c6 3. e3 Bf5 4. Nf3 Nd7 5. h3 Ngf6 6. Be2 Qc7 7. d3 e5 8. Nbd2 Bd6 9. Nh4 Bg6 10. e4 d4 11. O-O c5 12. Nc4 b5 13. Nxd6+ Qxd6 14. Nxg6 hxg6 15. Bg4 Nxg4 16. Qxg4 Nf6 17. Qe2 Nh5 18. Bc1 O-O 19. Bd2 a5 20. a4 b4 21. Qg4 Nf4 22. Rae1 Qe6 23. Qg3 Nh5 24. Qg5 Qf6 25. Qxf6 Nxf6 26. f4 exf4 27. Bxf4 Rfe8 28. g4 Nd7 29. Kg2 Ne5 30. Kg3 Ra7 31. h4 Rae7 32. g5 Re6 33. Re2 f6 34. Bxe5 fxe5 35. Ref2 R6e7 36. Kg4 Rd8 37. h5 gxh5+ 38. Kxh5 Kh7 39. g6+ Kg8 40. Rf7 Rxf7 41. Rxf7 Rf8 42. Rc7 Rf2 43. Rc8+ Rf8 44. Rxc5 {[W: 0:02:21; B: 0:00:30]} 1-0

[Event "Junior Online 4NCL Division 1"]
[Site "online"]
[Date "2021.03.18"]
[EventDate "2021.03.18"]
[Round "5.86"]
[White "Hamilton, Melissa"]
[WhiteElo "1603"]
[WhiteTeam "Marshall Artists"]
[Black "Sieczkowski, Adam"]
[BlackElo "1841"]
[BlackTeam "Ojays A"]
[Result "0-1"]
[PlyCount "102"]

1. d4 Nf6 2. c4 e6 3. e3 b6 4. Nc3 Bb7 5. Nf3 d5 6. cxd5 exd5 7. Bd3 Ne4 8. O-O Nxc3 9. bxc3 Bd6 10. c4 dxc4 11. Bxc4 O-O 12. Bb2 Nd7 13. Re1 Nf6 14. Bd3 Ne4 15. Qc2 Qe7 16. Rac1 h6 17. h3 c5 18. dxc5 Nxc5 19. Be2 Rac8 20. Qb1 Qe4 21. Qxe4 Bxe4 22. Red1 Rfd8 23. Bd4 Nb7 24. Rxc8 Rxc8 25. g3 Rc2 26. Nd2 Bc6 27. Bf3 Rxd2 28. Rxd2 Bxf3 29. Kh2 Kf8 30. h4 f6 31. Rc2 Nc5 32. Bxc5 Bxc5 33. Rd2 Ke7 34. Kh3 h5 35. Kh2 a5 36. Kg1 a4 37. Kf1 a3 38. Rc2 Kd6 39. Ke1 Bb4+ 40. Kf1 Ba5 41. Rc4 b5 42. Rd4+ Kc5 43. Rd7 g6 44. Rg7 Be4 45. Rf7 Bc3 46. Rc7+ Kb4 47. Ke2 Bb1 48. Re7 Bxa2 49. Re4+ Bc4+ 50. Kf3 a2 51. Re8 a1=Q {Time forfeit} {[W: 0:00:23; B: 0:01:28]} 0-1

[Event "Junior Online 4NCL Division 1"]
[Site "online"]
[Date "2021.03.18"]
[EventDate "2021.03.18"]
[Round "5.87"]
[White "Hobson, Kenneth"]
[WhiteElo "1857"]
[WhiteTeam "Ojays A"]
[Black "Love, James"]
[BlackElo "1636"]
[BlackTeam "Marshall Artists"]
[Result "1-0"]
[PlyCount "55"]

1. e4 e6 2. d4 d5 3. Nc3 c5 4. Nf3 Nc6 5. Bb5 Bd7 6. exd5 exd5 7. Qe2+ Qe7 8. Nxd5 Qxe2+ 9. Kxe2 Nxd4+ 10. Nxd4 cxd4 11. a4 Bxb5+ 12. axb5 O-O-O 13. Rxa7 d3+ 14. cxd3 Rxd5 15. Ra8+ Kc7 16. Rxf8 Re5+ 17. Kd1 Rxb5 18. Re1 Rd5 19. Bf4+ Kd7 20. Kd2 Rb5 21. Rxf7+ Kc6 22. Re6+ Kd5 23. Rd6+ Kc5 24. Rf5+ Kb4 25. Rd4+ Ka5 26. Bc7+ Ka6 27. Ra4+ Ra5 28. Raxa5# {[W: 0:05:00; B: 0:06:08]} 1-0

[Event "Junior Online 4NCL Division 1"]
[Site "online"]
[Date "2021.03.18"]
[EventDate "2021.03.18"]
[Round "5.88"]
[White "Deacon, Matthew"]
[WhiteElo "1578"]
[WhiteTeam "Marshall Artists"]
[Black "Zhu, Hou Ning"]
[BlackElo "1826"]
[BlackTeam "Ojays A"]
[Result "0-1"]
[PlyCount "52"]

1. c4 Nf6 2. Nc3 b6 3. e4 e5 4. d3 Bb7 5. Be2 Be7 6. Nf3 d6 7. Be3 Nbd7 8. Nd5 O-O 9. h3 Nxd5 10. cxd5 c6 11. dxc6 Bxc6 12. Rc1 Rc8 13. O-O Bb7 14. Qa4 a6 15. d4 b5 16. Qb3 Bxe4 17. dxe5 Nxe5 18. Nxe5 dxe5 19. Rfd1 Rxc1 20. Bxc1 Qa8 21. Qg3 Bf6 22. Rd6 Kh8 23. f3 Bg6 24. f4 Re8 25. Bg4 exf4 26. Qxf4 Be5 {[W: 0:05:52; B: 0:04:32]} 0-1

[Event "Junior Online 4NCL Division 1"]
[Site "online"]
[Date "2021.03.18"]
[EventDate "2021.03.18"]
[Round "5.91"]
[White "Saunders, Aron"]
[WhiteElo "1780"]
[WhiteTeam "Downend Upstarts"]
[Black "Ther, Mate"]
[BlackElo "2040"]
[BlackTeam "Hull & York Assassins"]
[Result "1/2-1/2"]
[PlyCount "151"]

1. e4 e5 2. Nf3 Nc6 3. Bb5 a6 4. Ba4 Nf6 5. O-O Nxe4 6. d4 b5 7. Bb3 d5 8. dxe5 Be6 9. Be3 Be7 10. Nbd2 O-O 11. c3 Qd7 12. Re1 Rad8 13. Qe2 Bg4 14. Qd3 Nxd2 15. Bxd2 Bc5 16. Bg5 Bf5 17. Qd2 Be7 18. Rad1 Be6 19. Bxe7 Nxe7 20. Qf4 c5 21. Bc2 Ng6 22. Qg3 Bf5 23. Bxf5 Qxf5 24. Qg5 Qxg5 25. Nxg5 Rfe8 26. e6 fxe6 27. Nxe6 Rd6 28. Nxc5 Rxe1+ 29. Rxe1 Kf7 30. Kf1 Kf6 31. Rd1 Kf5 32. Nd3 Ne5 33. Nxe5 Kxe5 34. Ke2 a5 35. g3 b4 36. f4+ Ke6 37. Kd3 bxc3 38. Kxc3 Rc6+ 39. Kd3 a4 40. Re1+ Kd6 41. f5 Kd7 42. Kd4 Rb6 43. Re2 Rb5 44. g4 Rb4+ 45. Kxd5 Rxg4 46. Re4 Rg2 47. Rxa4 Rd2+ 48. Kc5 Rc2+ 49. Kd5 Rd2+ 50. Rd4 Rxb2 51. Ra4 Rd2+ 52. Ke4 Ke7 53. Ra7+ Kf6 54. Ra6+ Kg5 55. a4 Rxh2 56. Ra7 g6 57. fxg6 hxg6 58. Kf3 Ra2 59. a5 Ra3+ 60. Kg2 Kg4 61. a6 Ra2+ 62. Kg1 g5 63. Rb7 Rxa6 64. Rb3 Rf6 65. Kg2 Rf4 66. Rg3+ Kf5 67. Rf3 Ke4 68. Rxf4+ Kxf4 69. Kf2 Kg4 70. Kg2 Kf5 71. Kf3 g4+ 72. Kg3 Kg5 73. Kg2 Kf4 74. Kf2 g3+ 75. Kg2 Ke3 76. Kxg3 {[W: 0:01:11; B: 0:01:53]} 1/2-1/2

[Event "Junior Online 4NCL Division 1"]
[Site "online"]
[Date "2021.03.18"]
[EventDate "2021.03.18"]
[Round "5.92"]
[White "Clarke, Connor"]
[WhiteElo "1901"]
[WhiteTeam "Hull & York Assassins"]
[Black "Goodhew, Finn"]
[BlackElo "1622"]
[BlackTeam "Downend Upstarts"]
[Result "1-0"]
[PlyCount "33"]

1. d4 Nf6 2. Nf3 g6 3. g3 Bg7 4. Bg2 d6 5. O-O O-O 6. c4 Nbd7 7. b3 e5 8. dxe5 Nxe5 9. Nxe5 dxe5 10. Bb2 Nh5 11. e3 Be6 12. Bxb7 Qxd1 13. Rxd1 Rab8 14. Bd5 Rfd8 15. Nc3 Bxd5 16. Nxd5 c6 17. Ne7+ {[W: 0:08:27; B: 0:06:31]} 1-0

[Event "Junior Online 4NCL Division 1"]
[Site "online"]
[Date "2021.03.18"]
[EventDate "2021.03.18"]
[Round "5.93"]
[White "Ahmed, Bilal"]
[WhiteElo "1550"]
[WhiteTeam "Downend Upstarts"]
[Black "Parkhouse, Max"]
[BlackElo "1754"]
[BlackTeam "Hull & York Assassins"]
[Result "0-1"]
[PlyCount "76"]

1. e4 e6 2. d4 d5 3. Nd2 Nf6 4. e5 Nfd7 5. Ndf3 c5 6. c3 Nc6 7. Ne2 Qb6 8. g3 cxd4 9. cxd4 f6 10. exf6 Nxf6 11. Bg2 Bb4+ 12. Bd2 O-O 13. O-O Bxd2 14. Qxd2 Ne4 15. Qc2 Bd7 16. Rac1 Rac8 17. Qb1 e5 18. dxe5 Bg4 19. Qd3 Nb4 20. Qb3 Bxf3 21. Bxf3 Nd2 22. Bxd5+ Kh8 23. Rxc8 Rxc8 24. Qd1 Nxf1 25. Kxf1 Rd8 26. Nc3 Nxd5 27. Nxd5 Qb5+ 28. Kg1 Qxd5 29. Qe1 Qd1 30. Qxd1 Rxd1+ 31. Kg2 Re1 32. f4 Kg8 33. Kf2 Rb1 34. Ke3 Kf7 35. Kd4 Ke6 36. Ke4 Rxb2 37. f5+ Ke7 38. e6 Rxh2 {[W: 0:04:42; B: 0:04:45]} 0-1

[Event "Junior Online 4NCL Division 1"]
[Site "online"]
[Date "2021.03.18"]
[EventDate "2021.03.18"]
[Round "5.94"]
[White "Farley, Zak"]
[WhiteElo "1650"]
[WhiteTeam "Hull & York Assassins"]
[Black "Bleeg, Elliott"]
[BlackElo "1309"]
[BlackTeam "Downend Upstarts"]
[Result "1-0"]
[PlyCount "115"]

1. e4 e5 2. Nf3 Nc6 3. Bb5 a6 4. Bxc6 dxc6 5. O-O Bd6 6. c3 Nf6 7. Re1 O-O 8. h3 Be6 9. d4 exd4 10. cxd4 Bb4 11. Nc3 c5 12. d5 Bd7 13. e5 Ne8 14. Qe2 Bb5 15. Qe4 c6 16. Ng5 g6 17. e6 Qe7 18. exf7+ Rxf7 19. Qxe7 Rxe7 20. Rxe7 Nf6 21. dxc6 Bxc6 22. a3 Ba5 23. Bf4 Bxc3 24. bxc3 Nd5 25. Bd6 Nxe7 26. Bxe7 Re8 27. Bxc5 Re5 28. Be3 h6 29. Nf3 Re6 30. Nd4 Rd6 31. Nxc6 Rxc6 32. Bd4 Kf8 33. Rb1 b5 34. a4 bxa4 35. Rb6 Rxb6 36. Bxb6 a3 37. Bd4 a2 38. c4 Ke7 39. Kf1 Kd6 40. Ke2 Ke6 41. Kd3 a5 42. g4 a4 43. Kc2 h5 44. Kb2 a3+ 45. Kxa2 hxg4 46. hxg4 g5 47. Kxa3 Kd6 48. Kb4 Kc6 49. c5 Kc7 50. Bf6 Kd7 51. Bxg5 Ke6 52. f4 Kd7 53. f5 Ke8 54. c6 Kf7 55. c7 Kg7 56. c8=Q Kf7 57. Qe6+ Kf8 58. Bh6# {[W: 0:04:22; B: 0:01:40]} 1-0

[Event "Junior Online 4NCL Division 1"]
[Site "online"]
[Date "2021.03.18"]
[EventDate "2021.03.18"]
[Round "5.95"]
[White "Ther, Mate"]
[WhiteElo "2040"]
[WhiteTeam "Hull & York Assassins"]
[Black "Saunders, Aron"]
[BlackElo "1780"]
[BlackTeam "Downend Upstarts"]
[Result "1-0"]
[PlyCount "53"]

1. e4 c6 2. d4 d5 3. Nc3 dxe4 4. Nxe4 Bf5 5. Nc5 e5 6. Nxb7 Qb6 7. Nc5 Bxc5 8. dxc5 Qxc5 9. Bd3 e4 10. Be2 Nf6 11. Be3 Qb4+ 12. Qd2 Qxd2+ 13. Bxd2 O-O 14. O-O-O Nbd7 15. h3 Bg6 16. g4 Rfe8 17. h4 h6 18. g5 hxg5 19. hxg5 Nd5 20. Nh3 e3 21. fxe3 Nc5 22. Bc4 Nxe3 23. Bxe3 Rxe3 24. Nf4 Be4 25. g6 Rf8 26. gxf7+ Rxf7 27. Rd8# {[W: 0:07:34; B: 0:03:41]} 1-0

[Event "Junior Online 4NCL Division 1"]
[Site "online"]
[Date "2021.03.18"]
[EventDate "2021.03.18"]
[Round "5.96"]
[White "Goodhew, Finn"]
[WhiteElo "1622"]
[WhiteTeam "Downend Upstarts"]
[Black "Clarke, Connor"]
[BlackElo "1901"]
[BlackTeam "Hull & York Assassins"]
[Result "0-1"]
[PlyCount "24"]

1. d4 Nf6 2. c4 e5 3. dxe5 Ng4 4. Nc3 Nc6 5. e3 Ngxe5 6. f4 Ng6 7. Nf3 Bc5 8. Bd3 O-O 9. h4 Re8 10. h5 Nxf4 11. Ne4 Bb4+ 12. Bd2 Nxd3+ {[W: 0:07:57; B: 0:08:54]} 0-1

[Event "Junior Online 4NCL Division 1"]
[Site "online"]
[Date "2021.03.18"]
[EventDate "2021.03.18"]
[Round "5.97"]
[White "Parkhouse, Max"]
[WhiteElo "1754"]
[WhiteTeam "Hull & York Assassins"]
[Black "Ahmed, Bilal"]
[BlackElo "1550"]
[BlackTeam "Downend Upstarts"]
[Result "1-0"]
[PlyCount "81"]

1. d4 Nf6 2. Bf4 g6 3. Nc3 d5 4. e3 Bg7 5. h4 h5 6. Nf3 O-O 7. Be2 Na6 8. Ne5 Nd7 9. g4 Nxe5 10. dxe5 c6 11. gxh5 gxh5 12. Bxh5 f6 13. Rg1 Kh8 14. Qf3 fxe5 15. Qg3 Rg8 16. Bxe5 Qf8 17. Qg5 Bxe5 18. Qxe5+ Qf6 19. Qxf6+ exf6 20. Kd2 Bf5 21. a3 Nc5 22. b4 Nd7 23. Ne2 Ne5 24. Nd4 Bd7 25. Be2 a6 26. a4 b5 27. a5 Raf8 28. Nb3 f5 29. Nc5 Bc8 30. f4 Ng4 31. Bd3 Nf2 32. Ke2 Ne4 33. Bxe4 fxe4 34. Rg5 Rxg5 35. hxg5 Kg7 36. Rh1 Kg6 37. Rh6+ Kg7 38. Rxc6 Bg4+ 39. Kd2 Rh8 40. Rh6 Rd8 41. Ne6+ {[W: 0:03:21; B: 0:00:19]} 1-0